| 000 | 00531nam a2200193 a 4500 | ||
|---|---|---|---|
| 003 | AM-YEHGA | ||
| 005 | 20260123115051.0 | ||
| 008 | 251128s1941 ru obd|gr|||||||||0|rus|d | ||
| 040 | _aAM-YEHGA | ||
| 041 | 0 | _arus | |
| 100 | 1 | _aЛазаревский, Л. | |
| 245 | 1 | 0 |
_aИран / _cЛ. Лазаревский. |
| 260 |
_a[Москва] : _bГосполитиздат, _c1941. |
||
| 300 |
_a50 с. : _bил. _c20 см |
||
| 650 | 1 | 4 |
_aГеография _zИран |
| 650 | 1 | 4 | _aОчерк |
| 942 |
_2udc _cBK |
||
| 001 | 2042194 | ||
| 999 |
_c539436 _d539436 |
||